[Event "Speed Chess Championship 2020"]
[Site "Online"]
[Date "2020.11.02"]
[Round "1.27"]
[White "Vachier-Lagrave, Maxime"]
[Black "Nihal Sarin"]
[Result "1-0"]
[WhiteElo "2784"]
[BlackElo "2620"]
[Annotator "TA"]
[PlyCount "93"]
[EventDate "2020.10.31"]
[EventType "k.o."]

{[%evp 10,93,17,14,50,-10,0,-12,0,-12,-12,-13,-6,-14,0,-12,16,11,11,11,9,10,19,-10,-7,-10,0,0,0,0,16,0,35,35,34,15,34,12,34,34,34,34,33,34,45,19,28,29,32,40,113,0,12,0,84,61,162,156,183,2,85,0,0,0,440,77,79,0,102,-59,34,82,342,249,467,436,1285,1252,1269,1185,29991,29992,29992,29991,29991,29992]} 1. d4 d5 2. Bf4 c6 3. e3 Nf6 4. Nd2 Bf5 5. Ngf3 e6 6. Be2 Bd6 {D02: 1 d4 d5 2 Nf3 sidelines, including 2...Nf6 3 g3 and 2...Nf6 3 Bf4.} 7. Bg3 ({White should try} 7. Ne5 $14) 7... O-O 8. O-O h6 {The position is equal.} 9. c4 Bxg3 10. hxg3 Nbd7 11. Qb3 Qb6 {[#]} 12. Rfc1 $146 ({Predecessor:} 12. Qa3 a5 13. Rfc1 Qb4 14. Rc3 Qxa3 15. Rxa3 a4 16. b3 axb3 17. axb3 Rxa3 18. Rxa3 {1-0 (53) Josting,F-Nischler,H Merano 2002}) 12... Ne4 13. Nxe4 Bxe4 14. Nd2 Bg6 15. Rc3 Nf6 16. Rac1 Rfd8 17. Qa3 a6 18. Rb3 Qc7 19. Nf3 Bh5 20. Bd3 Bxf3 (20... dxc4 {looks sharper.} 21. Bxc4 a5 22. Ne5 a4 23. Rbc3 Nd5) 21. gxf3 g6 22. f4 Kg7 23. Kg2 h5 24. Qb4 Rab8 25. c5 Rh8 26. Rh1 Qe7 27. f3 Nd7 28. Qc3 h4 {...hxg3 is the strong threat.} 29. g4 $1 h3+ (29... f6 $14) 30. Kf1 (30. Kh2 $1 $16) 30... h2 31. Qe1 Rh3 (31... b6 $11) 32. Qf2 Rbh8 (32... b6 $14) 33. Rxb7 $18 Qd8 34. g5 $2 (34. b4 $18) 34... Nf8 (34... e5 $11) 35. b4 (35. Bxa6 $6 Qa8 $11) (35. a3 $16) 35... e5 $1 $11 36. dxe5 {aiming for f5.} Ne6 $2 {[%mdl 8192] [#]} (36... Qc8 $1 $11 {and Black stays safe.} 37. Rb6 (37. Bxa6 Qf5 $11) 37... d4) 37. f5 $2 (37. Bxg6 $1 $18 {[%mdl 512] is the precise move to win.} Qc8 (37... Kxg6 38. f5+) 38. Re7 (38. Rxf7+ Kxg6 39. Rf6+ Kg7 $16) 38... Nxg5 39. Qg2 Rxf3+ 40. Ke2 $1 {[%mdl 512]} Rxe3+ 41. Kd2 $1 {[%mdl 512]} Rxe5 42. Rxe5) 37... Nxg5 $16 38. f6+ (38. e6 $1 $16 {Hoping for f4.} Rxf3 39. Rxf7+ $1 {[%mdl 512]} Kg8 40. e7) 38... Kf8 {[#]} (38... Kg8 $11 {keeps the balance.} 39. Qg2 Qc8 40. Bxg6 Qxb7 41. Qxg5 Kf8) 39. Be2 $2 (39. Qg2 $1 $16 {[%cal Rg2g5]} R8h5 40. f4 Rf3+ 41. Ke2) 39... Kg8 ({Better is} 39... Qc8 $15 40. Rb6 Kg8) 40. Qg2 $36 {[%mdl 2048] White is really pushing.} Ne6 $2 {[%mdl 8192] This move loses the game for Black.} (40... Qc8 $16 41. Re7 R8h5) 41. Bd3 {Strongly threatening Bxg6!} R3h6 $2 (41... Kf8 {was necessary.} 42. Bxg6 (42. Bxa6 d4 $11) 42... fxg6) 42. f4 $18 d4 (42... Kf8 $142 43. f5 (43. Bxa6 Rh4 $16) 43... gxf5 44. Bxf5 Rg8) 43. Qxc6 dxe3 44. Qd6 Kh7 45. Rxf7+ {White mates.} Kg8 {[#]} 46. Rg7+ $1 {[%mdl 576] Deflection} Nxg7 47. Qxd8+ {Av CentiPawn Loss W=-34/B=-87. Weighted=-47/-98} 1-0

[Event "Speed Chess Championship 2020"]
[Site "Online"]
[Date "2020.11.04"]
[Round "1.27"]
[White "Firouzja, Alireza"]
[Black "Fedoseev, Vladimir"]
[Result "0-1"]
[WhiteElo "2749"]
[BlackElo "2676"]
[Annotator "ChessBase"]
[PlyCount "94"]
[EventDate "2020.10.31"]
[EventType "k.o."]
[SourceTitle "playchess.com"]
[Source "ChessBase"]
[SourceQuality "1"]
[TimeControl "60+1"]

1. Nf3 {[%emt 0:00:01]} Nf6 {[%emt 0:00:01]} 2. g3 {[%emt 0:00:00]} g6 {[%emt 0:00:00]} 3. Bg2 {[%emt 0:00:01]} Bg7 {[%emt 0:00:00]} 4. O-O {[%emt 0:00:00]} O-O {[%emt 0:00:01]} 5. d4 {[%emt 0:00:01]} d5 {[%emt 0:00:00]} 6. c4 {[%emt 0:00:01]} c6 {[%emt 0:00:01]} 7. Ne5 {[%emt 0:00:01]} Be6 {[%emt 0:00:03]} 8. cxd5 {[%emt 0:00:01]} cxd5 {[%emt 0:00:02]} 9. Nc3 {[%emt 0:00:01]} Nbd7 {[%emt 0:00:01]} 10. Bf4 {[%emt 0:00:04]} Rc8 {[%emt 0:00:12]} 11. Rc1 {[%emt 0:00:05]} Qb6 {[%emt 0:00:05]} 12. Qd2 {[%emt 0:00:02]} Rfd8 {[%emt 0:00:09]} 13. Nxd7 {[%emt 0:00:03]} Bxd7 {[%emt 0:00:01]} 14. Be5 {[%emt 0:00:05]} Bc6 {[%emt 0:00:01]} 15. e3 {[%emt 0:00:04]} e6 {[%emt 0:00:02]} 16. Rc2 {[%emt 0:00:03]} Ne8 {[%emt 0:00:00]} 17. Bxg7 {[%emt 0:00:05]} Kxg7 {[%emt 0:00:01]} 18. Rfc1 {[%emt 0:00:02]} Nd6 {[%emt 0:00:00]} 19. b3 {[%emt 0:00:00]} Qa5 {[%emt 0:00:06]} 20. h4 {[%emt 0:00:02]} h5 {[%emt 0:00:03]} 21. Bf1 {[%emt 0:00:06]} Bd7 {[%emt 0:00:01]} 22. Bd3 {[%emt 0:00:02]} Rc6 {[%emt 0:00:01]} 23. Nb1 {[%emt 0:00:11]} Qxd2 {[%emt 0:00:03]} 24. Nxd2 {[%emt 0:00:01]} Rdc8 {[%emt 0:00:01]} 25. Rxc6 {[%emt 0:00:00]} Rxc6 {[%emt 0:00:00]} 26. Rxc6 {[%emt 0:00:01]} Bxc6 {[%emt 0:00:01]} 27. Kf1 {[%emt 0:00:01]} Bb5 {[%emt 0:00:01]} 28. Ke2 {[%emt 0:00:01]} Bxd3+ {[%emt 0:00:02]} 29. Kxd3 {[%emt 0:00:00]} Kf6 {[%emt 0:00:00]} 30. a4 {[%emt 0:00:01]} g5 {[%emt 0:00:04]} 31. Nf3 {[%emt 0:00:06]} g4 {[%emt 0:00:03]} 32. Ne5 {[%emt 0:00:01]} Kf5 {[%emt 0:00:04]} 33. Ke2 {[%emt 0:00:04]} f6 {[%emt 0:00:01]} 34. Nd3 {[%emt 0:00:02]} e5 {[%emt 0:00:02]} 35. a5 {[%emt 0:00:09]} b6 {[%emt 0:00:10]} 36. axb6 {[%emt 0:00:01]} axb6 {[%emt 0:00:00]} 37. Kd2 {[%emt 0:00:02]} Ke4 {[%emt 0:00:02]} 38. Ke2 {[%emt 0:00:00]} Nb5 {[%emt 0:00:02]} 39. dxe5 {[%emt 0:00:05]} fxe5 {[%emt 0:00:00]} 40. Kd2 {[%emt 0:00:01]} d4 {[%emt 0:00:05]} 41. exd4 {[%emt 0:00:00]} Nxd4 {[%emt 0:00:00]} 42. b4 {[%emt 0:00:02]} b5 {[%emt 0:00:02]} 43. Nc5+ {[%emt 0:00:02]} Kf3 {[%emt 0:00:01]} 44. Ke1 {[%emt 0:00:00]} Nc2+ {[%emt 0:00:01]} 45. Kf1 {[%emt 0:00:01]} Nxb4 {[%emt 0:00:00]} 46. Nd7 {[%emt 0:00:02]} Nd3 {[%emt 0:00:03]} 47. Nf6 {[%emt 0:00:02]} b4 {[%emt 0:00:01]} 0-1

[Event "Speed Chess Championship 2020"]
[Site "Online"]
[Date "2020.11.16"]
[Round "1.27"]
[White "Artemiev, Vladislav"]
[Black "Giri, Anish"]
[Result "1/2-1/2"]
[WhiteElo "2708"]
[BlackElo "2764"]
[Annotator "ChessBase"]
[PlyCount "136"]
[EventDate "2020.10.31"]
[EventType "k.o."]
[EventCountry "NET"]
[SourceTitle "playchess.com"]
[Source "ChessBase"]
[SourceQuality "1"]
[TimeControl "60+1"]

1. b3 {[%emt 0:00:01]} Nf6 {[%emt 0:00:01]} 2. Bb2 {[%emt 0:00:00]} d5 {[%emt 0:00:00]} 3. Nf3 {[%emt 0:00:01]} Bf5 {[%emt 0:00:00]} 4. g3 {[%emt 0:00:01]} e6 {[%emt 0:00:01]} 5. Bg2 {[%emt 0:00:00]} h6 {[%emt 0:00:00]} 6. O-O {[%emt 0:00:01]} Be7 {[%emt 0:00:00]} 7. c4 {[%emt 0:00:00]} O-O {[%emt 0:00:01]} 8. d3 {[%emt 0:00:02]} c6 {[%emt 0:00:00]} 9. Nbd2 {[%emt 0:00:00]} Nbd7 {[%emt 0:00:01]} 10. a3 {[%emt 0:00:01]} a5 {[%emt 0:00:01]} 11. Qc2 {[%emt 0:00:02]} Bd6 {[%emt 0:00:01]} 12. e4 {[%emt 0:00:05]} dxe4 {[%emt 0:00:03]} 13. Nxe4 {[%emt 0:00:01]} Be7 {[%emt 0:00:02]} 14. Rfd1 {[%emt 0:00:04]} Qc7 {[%emt 0:00:03]} 15. Qe2 {[%emt 0:00:03]} Rfd8 {[%emt 0:00:03]} 16. Nxf6+ {[%emt 0:00:06]} Bxf6 {[%emt 0:00:01]} 17. Bxf6 {[%emt 0:00:01]} Nxf6 {[%emt 0:00:00]} 18. d4 {[%emt 0:00:01]} Be4 {[%emt 0:00:02]} 19. Qe3 {[%emt 0:00:06]} b5 {[%emt 0:00:03]} 20. Rac1 {[%emt 0:00:07]} Qb7 {[%emt 0:00:03]} 21. Ne5 {[%emt 0:00:04]} Bxg2 {[%emt 0:00:01]} 22. Kxg2 {[%emt 0:00:00]} a4 {[%emt 0:00:05]} 23. bxa4 {[%emt 0:00:10]} Rxa4 {[%emt 0:00:02]} 24. Qf3 {[%emt 0:00:01]} bxc4 {[%emt 0:00:04]} 25. Rxc4 {[%emt 0:00:02]} Rxc4 {[%emt 0:00:02]} 26. Nxc4 {[%emt 0:00:01]} Qb5 {[%emt 0:00:05]} 27. Ne5 {[%emt 0:00:00]} Rd5 {[%emt 0:00:08]} 28. Rc1 {[%emt 0:00:06]} Rxd4 {[%emt 0:00:04]} 29. Nxc6 {[%emt 0:00:02]} Rd7 {[%emt 0:00:00]} 30. Nb4 {[%emt 0:00:05]} Qb8 {[%emt 0:00:06]} 31. Rd1 {[%emt 0:00:03]} Rxd1 {[%emt 0:00:10]} 32. Qxd1 {[%emt 0:00:01]} e5 {[%emt 0:00:04]} 33. Qd3 {[%emt 0:00:06]} Qa8+ {[%emt 0:00:01]} 34. Kg1 {[%emt 0:00:03]} e4 {[%emt 0:00:01]} 35. Qb3 {[%emt 0:00:01]} Ng4 {[%emt 0:00:00]} 36. Qd5 {[%emt 0:00:03]} Qxa3 {[%emt 0:00:04]} 37. Qxe4 {[%emt 0:00:02]} Qc1+ {[%emt 0:00:02]} 38. Kg2 {[%emt 0:00:01]} Qh1+ {[%emt 0:00:00]} 39. Kxh1 {[%emt 0:00:01]} Nxf2+ {[%emt 0:00:00]} 40. Kg2 {[%emt 0:00:00]} Nxe4 {[%emt 0:00:00]} 41. Nd3 {[%emt 0:00:01]} g5 {[%emt 0:00:01]} 42. Kf3 {[%emt 0:00:00]} Nf6 {[%emt 0:00:01]} 43. g4 {[%emt 0:00:03]} Kf8 {[%emt 0:00:01]} 44. Nb4 {[%emt 0:00:02]} Ke7 {[%emt 0:00:01]} 45. Nc6+ {[%emt 0:00:00]} Ke6 {[%emt 0:00:01]} 46. Nd8+ {[%emt 0:00:01]} Ke7 {[%emt 0:00:01]} 47. Nc6+ {[%emt 0:00:00]} Kd7 {[%emt 0:00:01]} 48. Nd4 {[%emt 0:00:02]} Ng8 {[%emt 0:00:03]} 49. Ke4 {[%emt 0:00:01]} Ne7 {[%emt 0:00:02]} 50. Ke5 {[%emt 0:00:01]} Ke8 {[%emt 0:00:01]} 51. Kf6 {[%emt 0:00:02]} Kf8 {[%emt 0:00:00]} 52. Ke5 {[%emt 0:00:00]} Kg7 {[%emt 0:00:01]} 53. Ke4 {[%emt 0:00:02]} Kf6 {[%emt 0:00:01]} 54. Ke3 {[%emt 0:00:02]} Ke5 {[%emt 0:00:01]} 55. Nf3+ {[%emt 0:00:01]} Kd5 {[%emt 0:00:01]} 56. Nd2 {[%emt 0:00:00]} f5 {[%emt 0:00:02]} 57. gxf5 {[%emt 0:00:01]} Nxf5+ {[%emt 0:00:00]} 58. Kf3 {[%emt 0:00:00]} Ke5 {[%emt 0:00:04]} 59. Kg4 {[%emt 0:00:01]} Kf6 {[%emt 0:00:04]} 60. Kh5 {[%emt 0:00:01]} Kg7 {[%emt 0:00:00]} 61. Ne4 {[%emt 0:00:01]} Kh7 {[%emt 0:00:02]} 62. Nxg5+ {[%emt 0:00:01]} hxg5 {[%emt 0:00:00]} 63. Kxg5 {[%emt 0:00:00]} Ng7 {[%emt 0:00:00]} 64. h4 {[%emt 0:00:00]} Ne6+ {[%emt 0:00:01]} 65. Kf5 {[%emt 0:00:01]} Ng7+ {[%emt 0:00:00]} 66. Kf6 {[%emt 0:00:01]} Nh5+ {[%emt 0:00:00]} 67. Kg5 {[%emt 0:00:00]} Ng7 {[%emt 0:00:01]} 68. h5 {[%emt 0:00:00]} Nxh5 {[%emt 0:00:00]} 1/2-1/2

[Event "Speed Chess Championship 2020"]
[Site "Online"]
[Date "2020.11.04"]
[Round "1.28"]
[White "Fedoseev, Vladimir"]
[Black "Firouzja, Alireza"]
[Result "0-1"]
[WhiteElo "2676"]
[BlackElo "2749"]
[Annotator "TA"]
[PlyCount "126"]
[EventDate "2020.10.31"]
[EventType "k.o."]
[SourceTitle "playchess.com"]
[Source "ChessBase"]
[SourceQuality "1"]

{[%evp 11,126,0,19,0,0,18,0,-29,-20,-25,-27,-25,-25,-61,-34,-43,-31,-42,-16,-2,0,-8,-7,-19,-33,-39,-12,-35,-33,-58,-27,-32,-21,-21,-12,-167,-164,-198,-196,-217,-194,-256,-259,-401,-190,-201,-192,-304,-289,-291,-250,-277,-289,-287,-191,-236,-236,-325,-191,-348,-223,-237,-223,-222,-216,-229,-229,-309,-229,-309,-229,-306,-229,-297,-297,-1572,-289,-6229,-6050,-6547,-5991,-5427,-4748,-3165,-2029,-6211,-6015,-2258,-205,-205,-147,-11264,-6428,-11971,-11730,-6420,-5535,-5514,-4871,-29963,-29965,-29962,-29965,-29971,-29970,-29970,-29972,-29970,-29972,-29954,-29953,-29977,-29978,-29991,-29985,-29984,-29985]} 1. e4 c5 2. Nf3 d6 3. Bb5+ Nd7 4. d4 cxd4 5. Qxd4 a6 6. Bxd7+ Bxd7 7. c4 {B51: Sicilian: Moscow Variation (3 Bb5+) without 3...Bd7.} e5 8. Qd3 b5 9. Nbd2 {The position is equal.} Nf6 10. b3 Be7 11. O-O O-O {[#]} 12. Bb2 $146 ({Predecessor:} 12. Re1 Qb6 13. h3 Rac8 14. Ba3 b4 15. Bb2 Bc6 16. Nf1 Nd7 17. Ng3 Nc5 18. Qe3 {0-1 (32) Sainz Aguirre,I (1884)-Della Morte,P (2309) Chihuahua City 2019}) 12... Qb8 13. c5 Rd8 14. Rac1 dxc5 15. Nxe5 Be6 16. Qe2 {White wants to play Nc6.} Qb7 17. Rfe1 Rac8 18. h3 h6 19. Nf1 {[#]} c4 $1 $36 {[%mdl 2560] Black is more active.} 20. bxc4 bxc4 (20... Bb4 $5 {[%cal Rb4e1]} 21. Bc3 Bxc3 22. Rxc3 Qb8 $15) 21. Bc3 Nd7 22. Nxd7 Rxd7 23. Ne3 $2 (23. Ng3 $1 $11 {and White has nothing to worry.}) 23... Qxe4 $19 24. Qb2 {[#]} Qg6 $1 25. Kh1 Bc5 26. Nf1 (26. Be5 $142) 26... Rd3 27. Ng3 (27. Ne3 {was called for.}) 27... Bxf2 (27... Bd5 $142 {Strongly threatening ...Rxg3.} 28. Rcd1 Bd6) 28. Qxf2 Rxg3 29. Be5 (29. Kh2 $142 Rd3 30. Re3) 29... Rd3 30. Re3 Rcd8 31. Rce1 Rxe3 32. Rxe3 {Threatening Rg3.} Rd3 33. Rxd3 cxd3 34. Bc3 {[#]} Kh7 (34... Bxh3 $142 $1 {[%mdl 512] And now ...Bd7 would win.} 35. Kh2 (35. gxh3 Qc6+) 35... Qc6) 35. a3 $2 (35. Qf3) 35... Qe4 36. Kh2 f6 37. Qg3 Bd5 {aiming for ...Qe2.} 38. Qf2 h5 39. Bd2 Kg8 40. Bc3 Kf7 41. Bd2 Ke6 42. Qg3 g5 43. Qe3 $2 (43. Qf2) 43... Kf5 $2 (43... Qxe3 44. Bxe3 h4) 44. Qxe4+ $2 (44. Qf2+ Kg6 45. Bc3) 44... Kxe4 {[%mdl 4096] Endgame KB-KB} 45. Kg3 Kd4 46. Kf2 Kc4 47. g3 Kb3 48. Ke3 Bc4 49. Bb4 Bb5 $2 (49... Kc2 50. a4 f5) 50. Kd2 Bd7 51. h4 $2 {[%mdl 8192] Now White is beyond hope.} (51. g4 $17) 51... gxh4 52. gxh4 Bb5 53. Be7 f5 54. Bd6 Kc4 55. Be5 Kd5 {Black mates.} 56. Bc7 Ke4 57. Ke1 Ke3 58. Bb6+ Kf3 59. Kd2 f4 60. Bc7 Kg4 61. Bd8 f3 62. Ke3 Kg3 63. Bc7+ Kg2 {Av CentiPawn Loss W=60/B=-148. Weighted=37/-185} 0-1

[Event "Speed Chess Championship 2020"]
[Site "Online"]
[Date "2020.11.04"]
[Round "1.28"]
[White "Maghsoodloo, Parham"]
[Black "Carlsen, Magnus"]
[Result "0-1"]
[WhiteElo "2676"]
[BlackElo "2862"]
[Annotator "TA"]
[PlyCount "54"]
[EventDate "2020.10.31"]
[EventType "k.o."]
[SourceTitle "playchess.com"]
[Source "ChessBase"]
[SourceQuality "1"]

{[%evp 9,54,18,41,58,55,27,37,32,34,12,3,0,0,-39,-65,-55,-44,-87,0,0,0,-34,-25,-39,14,-114,-103,-105,-50,-43,-27,-36,-50,-41,-12,-98,-97,-134,-93,-110,-124,-195,-130,-212,-207,-487,-482]} 1. e4 d5 2. exd5 Qxd5 3. Nc3 Qd6 4. d4 Nf6 5. Nge2 b6 {[%cal Bb7b6,Bb6b5,Bb5b4][%mdl 32]} 6. Bf4 {B01: Scandinavian Defence.} Qd7 7. Qd2 Bb7 8. O-O-O {White is slightly better.} e6 {[#]} 9. h4 $146 (9. d5 $5) ({Predecessor:} 9. Rg1 b5 10. d5 b4 11. dxe6 Qxd2+ 12. Rxd2 bxc3 13. exf7+ Kxf7 14. Nxc3 g5 15. Bxg5 {1-0 (57) Todorovic,G (2476)-Milanovic,D (2466) Belgrade 2015}) 9... b5 10. Ng3 b4 11. Nce2 (11. Nb5 $5 {[%cal Rb5c7]} Na6 12. Be5 $11) 11... a5 12. h5 h6 13. Be5 {[#]} Nc6 (13... Be7 $1 $17) 14. Bxf6 $1 $11 gxf6 15. Nf4 O-O-O {[%cal Rd7d4]} 16. d5 Ne5 ({Black should play} 16... exd5 $15 17. Nxd5 Qe6) 17. Qe3 (17. dxe6 $11 {was the only way to keep the balance.} Qxd2+ 18. Rxd2) 17... exd5 18. Qa7 {Ba6 is the strong threat.} Qc6 (18... Nc6 $17 19. Qe3 Ne5) 19. Qxa5 $15 Qc5 $36 {[%mdl 2048] Black fights for an advantage.} 20. Qxc5 Bxc5 21. Nf5 Bxf2 22. Rd2 (22. Nxd5 $11 {keeps the balance.} Bxd5 {[#]} 23. Rxd5 $1 {[%mdl 512]}) 22... Bc5 $17 23. g3 c6 24. Bh3 Kc7 25. Rf1 (25. Nd3 $17 Nxd3+ 26. cxd3) 25... Rdg8 (25... Bc8 $19 {Threatens to win with ...Bxf5.} 26. Nd4 Ba6) 26. Kb1 (26. Nd3 $17 Bf8 27. Re2) 26... Ba6 $19 27. Re1 $2 (27. Nd3 {was worth a try.} Rg5 28. g4) 27... Nf3 {[%mdl 64] Double Attack. Av CentiPawn Loss W=-38/B=-16. Weighted=-45/-18} 0-1

[Event "Speed Chess Championship 2020"]
[Site "Online"]
[Date "2020.11.08"]
[Round "1.28"]
[White "Abdusattorov, Nodirbek"]
[Black "So, Wesley"]
[Result "1-0"]
[WhiteElo "2662"]
[BlackElo "2816"]
[Annotator "ChessBase"]
[PlyCount "61"]
[EventDate "2020.10.31"]
[EventType "k.o."]
[SourceTitle "playchess.com"]
[Source "ChessBase"]
[SourceQuality "1"]
[TimeControl "60+1"]

1. e4 {[%emt 0:00:01]} c5 {[%emt 0:00:01]} 2. Nf3 {[%emt 0:00:00]} d6 {[%emt 0:00:02]} 3. d4 {[%emt 0:00:01]} cxd4 {[%emt 0:00:00]} 4. Nxd4 {[%emt 0:00:01]} Nf6 {[%emt 0:00:00]} 5. Nc3 {[%emt 0:00:01]} a6 {[%emt 0:00:00]} 6. Be3 {[%emt 0:00:00]} e5 {[%emt 0:00:01]} 7. Nb3 {[%emt 0:00:01]} Be6 {[%emt 0:00:01]} 8. Qd2 {[%emt 0:00:00]} Nbd7 {[%emt 0:00:01]} 9. O-O-O {[%emt 0:00:00]} b5 {[%emt 0:00:03]} 10. Kb1 {[%emt 0:00:02]} Rc8 {[%emt 0:00:02]} 11. f3 {[%emt 0:00:01]} h5 {[%emt 0:00:02]} 12. g3 {[%emt 0:00:01]} Nb6 {[%emt 0:00:03]} 13. Bxb6 {[%emt 0:00:04]} Qxb6 {[%emt 0:00:00]} 14. Nd5 {[%emt 0:00:01]} Nxd5 {[%emt 0:00:01]} 15. exd5 {[%emt 0:00:00]} Bf5 {[%emt 0:00:01]} 16. Bd3 {[%emt 0:00:01]} Bxd3 {[%emt 0:00:00]} 17. Qxd3 {[%emt 0:00:00]} Be7 {[%emt 0:00:01]} 18. Rhg1 {[%emt 0:00:03]} g6 {[%emt 0:00:07]} 19. Nd2 {[%emt 0:00:03]} Kf8 {[%emt 0:00:13]} 20. h3 {[%emt 0:00:01]} Bg5 {[%emt 0:00:05]} 21. Ne4 {[%emt 0:00:02]} Be3 {[%emt 0:00:02]} 22. Rge1 {[%emt 0:00:02]} Bf2 {[%emt 0:00:02]} 23. Re2 {[%emt 0:00:02]} Bc5 {[%emt 0:00:01]} 24. g4 {[%emt 0:00:00]} b4 {[%emt 0:00:02]} 25. Rf1 {[%emt 0:00:07]} hxg4 {[%emt 0:00:03]} 26. fxg4 {[%emt 0:00:00]} Rc7 {[%emt 0:00:03]} 27. Qf3 {[%emt 0:00:02]} a5 {[%emt 0:00:09]} 28. Qf6 {[%emt 0:00:01]} Kg8 {[%emt 0:00:04]} 29. Ng5 {[%emt 0:00:06]} Qb5 {[%emt 0:00:00]} 30. Nxf7 {[%emt 0:00:02]} Rxh3 {[%emt 0:00:09]} 31. Ng5 {[%emt 0:00:03]} 1-0

[Event "Speed Chess Championship 2020"]
[Site "Online"]
[Date "2020.11.02"]
[Round "1.28"]
[White "Nihal Sarin"]
[Black "Vachier-Lagrave, Maxime"]
[Result "1/2-1/2"]
[WhiteElo "2620"]
[BlackElo "2784"]
[Annotator "TA"]
[PlyCount "83"]
[EventDate "2020.10.31"]
[EventType "k.o."]

{[%evp 17,83,19,13,0,21,9,0,0,0,6,6,-4,-7,-45,-39,-44,0,-20,-16,-54,-40,-89,-31,-30,-11,-14,-6,-2,0,-19,-31,-31,0,0,0,-4,-1,-801,-831,-598,-10,-985,0,-959,-939,-1921,-1845,-2360,0,0,0,0,0,0,0,0,0,0,0,0,0,0,0,0,0,0,0,0]} 1. Nf3 Nf6 2. b3 g6 3. Bb2 Bg7 4. e3 O-O 5. Be2 b6 6. d4 Bb7 7. O-O e6 8. c4 d6 9. Nc3 Nbd7 10. Rc1 {10.Nd2 is becoming the main line. E61: King's Indian: Early deviations for White, including Smyslov System.} a6 11. h3 c5 {[#]} 12. Qc2 $146 ({Predecessor:} 12. a3 Qe7 13. b4 Rfc8 14. Qb3 Rab8 15. Rfd1 d5 16. cxd5 Nxd5 17. dxc5 bxc5 18. Nxd5 Bxd5 {½-½ (38) Mirzoev,A (2457)-Harshavardhan,G (2344) Mumbai 2020}) 12... Qe7 13. Rfd1 Rfd8 14. Rd2 Rac8 15. Rcd1 cxd4 16. Nxd4 d5 (16... e5 $5 17. Nf3 $8 Nc5 $15) 17. Qb1 dxc4 18. Bxc4 b5 19. Be2 Nb6 (19... b4 $17 20. Na4 Ne4) 20. Bf3 Bxf3 21. Nxf3 Rxd2 22. Rxd2 b4 23. Ne4 Nxe4 24. Qxe4 {Strongly threatening Bxg7.} Bxb2 25. Rxb2 Rc1+ 26. Kh2 Qd6+ 27. g3 $2 {[%mdl 8192]} (27. Qe5 $11 Qxe5+ 28. Nxe5) 27... Qd1 $19 {[%csl Gc1][%cal Rd1h1]} 28. g4 Nd5 $2 (28... Qh1+ $1 $19 29. Kg3 Rg1+ $1 {[%mdl 576] Pin} 30. Kh4 h5 $1 {[%mdl 576] Decoy}) 29. Rd2 $2 {[%mdl 8192]} (29. Kg3 $11) 29... Qh1+ $1 ({Stronger than} 29... Qf1 30. Qe5 $11) 30. Kg3 {[#]} Rg1+ $1 {[%mdl 576] Pin} 31. Kh4 (31. Nxg1 Qxe4) 31... h6 {( -> ...g5+)} 32. Rxd5 {[#]} exd5 $2 {[%mdl 4096] Endgame KQR-KQN} (32... Qg2 $1 $19 {[%cal Rg2f2][%mdl 512]} 33. Rd8+ Kh7 34. Qxg6+ Kxg6 35. Rg8+ Kh7 $1 {[%mdl 512]} 36. Nxg1 Qxf2+ 37. Kh5 Kxg8 38. e4 Qxg1 39. e5 Qe3 $1 {[%mdl 512]} 40. h4 Kh7 41. a3 Qxe5+ 42. g5 Qe2#) 33. Qe8+ $11 {The position is equal.} Kg7 34. Qe5+ (34. Nxg1 {[#]} Qh2 $1 {[%mdl 512]} 35. Qe5+ Qxe5 36. f4 Qxe3 37. Ne2 f6 38. a4 g5+ 39. fxg5 hxg5+ 40. Kh5 Qxh3#) 34... Kh7 35. Qf4 $1 {[%cal Rf4f7]} ({Don't go for} 35. Nxg1 $2 Qxg1 36. Qf6 Kg8 $19) 35... g5+ {[#]} (35... Kg8 $5 36. Qb8+ $8 Kh7 $11) 36. Nxg5+ $1 {[%mdl 512]} hxg5+ 37. Kxg5 Kg7 38. Qf6+ Kg8 39. Qd8+ $1 Kg7 (39... Kh7 $5 40. Qf6 $8 {[%mdl 64] Double Attack} Qxh3 41. Qxf7+ {[%mdl 64] Double Attack} Kh8 42. Qf8+ Kh7 43. Qf7+ Kh8 44. Qf8+ Kh7 45. Qf7+ $11) 40. Qf6+ {[%mdl 64] Double Attack} Kg8 41. Qd8+ $1 Kg7 (41... Kh7 $5 42. Qf6 $8 {[%mdl 64] Double Attack} Kg8 $11) 42. Qf6+ {[%mdl 64] Double Attack. Whites escaped into a draw. Av CentiPawn Loss W=-127/B=-58. Weighted=-136/-37} 1/2-1/2